लोड हो रहा है...

Many lives, many masters/

ग्रंथसूची विवरण
मुख्य लेखक: Weiss, Brian
स्वरूप: Printed Book
प्रकाशित: London: Piatkus, 1994
विषय:
LEADER 00440nam a22001337a 4500
082 |a V 921.5  |b N4 
100 |a Weiss, Brian  |9 14127 
245 |a Many lives, many masters/ 
260 |a London:  |b Piatkus,  |c 1994 
300 |a 219p. 
650 |a Biography - psychologists   |9 14128 
942 |c BK 
999 |c 63979  |d 63979 
952 |0 0  |1 0  |4 0  |5 1  |6 V_921_500000000000000_N4  |7 1  |8 VCH  |9 55850  |a MGUL  |b MGUL  |c VIV  |d 2015-03-26  |l 0  |o V 921.5 N4  |p G02995  |r 2015-03-26  |w 2015-03-26  |y BK